|
|
|
|
| LEADER |
00640nta a2200181 i 4500 |
| 001 |
dipl418 |
| 005 |
20130314065754.0 |
| 008 |
110420s1988 hu om 0|| hun d |
| 040 |
|
|
|a SZTE Diploma Repozitórium
|b hun
|
| 041 |
|
|
|a hun
|
| 100 |
1 |
|
|a Nacsa István
|
| 245 |
1 |
0 |
|a Személyzeti és munkaügyi nyilvántartó és lekérdező rendszer
|h [elektronikus dokumentum] /
|c István Nacsa
|
| 260 |
|
|
|c 1988
|
| 650 |
|
4 |
|a Informatika
|
| 650 |
|
4 |
|a Computer and information sciences
|
| 700 |
0 |
1 |
|a Szendrei János
|e ths
|
| 700 |
0 |
1 |
|a Szemes Gábor
|e ths
|
| 856 |
4 |
0 |
|u https://diploma.bibl.u-szeged.hu/id/eprint/418/1/1988_nacsa_istvan_88_44.pdf
|z Dokumentum-elérés
|